Normal view MARC view
  • Rivera, Agustín,

Entry Nombre Personal

Number of records used in: 6

001 - NUMERO DE CONTROL

  • campo de control: 37987

003 - IDENTIFICADOR DE NUMERO DE CONTROL

  • campo de control: DLC

005 - FECHA Y HORA DE LA ÜLTIMA TRANSACCIÓN

  • campo de control: 20230510091412.0

008 - DATOS DE LONGITUD FIJA

  • campo de control de longitud fija: 230510n| azannaabn |a aaa

010 ## - NÚMERO DE CONTROL DE LA BIBLIOTECA DEL CONGRESO

  • Número de control LC: n 84027395

035 ## - NUMERO DE CONTROL

  • Número de control: (OCoLC)oca01111451

040 ## - FUENTE DE CATALOGACIÓN

  • Agencia original de catalogación: DLC
  • Lenguaje de catalogación: spa
  • Description conventions: rda
  • Agencia de transcripción: DLC
  • Agencia que lo modifica: DLC
  • Agencia que lo modifica: OCoLC
  • Agencia que lo modifica: PU
  • Agencia que lo modifica: MX-MxUPN

046 ## - FECHAS CON CODIFICACIÓN ESPECIAL

  • Fecha de nacimiento: 1824-02-29
  • Fecha de muerte: 1916-07-06
  • Fuente del formato de fecha: edtf

100 1# - ENCABEZAMIENTO - NOMBRE PERSONAL

  • Nombre personal: Rivera, Agustín,
  • Fechas asociadas con el nombre: 1824-1916

370 ## - LUGAR ASOCIADO

  • Place of birth: Lagos de Moreno (México)
  • Fuente del término: naf

374 ## - OCUPACIÓN

  • Occupation: Historiador
  • Occupation: Autor
  • Fuente del término: lcsh

377 ## - LENGUA ASOCIADA

  • Language code: spa

400 1# - VEÁSE - NOMBRE DE PERSONA

  • Control subfield: nnaa
  • Personal name: Rivera y Sanromán, Agustín,
  • Dates associated with a name: 1824-1916

400 1# - VEÁSE - NOMBRE DE PERSONA

  • Personal name: Sanromán, Agustín Rivera y

400 1# - VEÁSE - NOMBRE DE PERSONA

  • Personal name: Rivera y Sanromán, Agustín

400 1# - VEÁSE - NOMBRE DE PERSONA

  • Personal name: Rivera y San Román, Agustín

400 1# - VEÁSE - NOMBRE DE PERSONA

  • Personal name: San Román, Agustín Rivera y

670 ## - FUENTE EN LA QUE SE LOCALIZARON DATOS

  • Cita de la fuente: En su obra: Ensayo sobre la enseñanza de los idiomas latino y griego, y de las bellas letras por los clásicos paganos, a los jóvenes y a los niños, 1881- :
  • Información localizada: v. 1, portada (Agustín Rivera)

670 ## - FUENTE EN LA QUE SE LOCALIZARON DATOS

  • Cita de la fuente: LC data base, 4/20/84
  • Información localizada: (hdg.: Rivera, Agustín) manual auth. cd. (hdg.: Rivera y Sanromán, Agustín, 1824-1916)

670 ## - FUENTE EN LA QUE SE LOCALIZARON DATOS

  • Cita de la fuente: La Reforma y el Segundo Imperio, 1963:
  • Información localizada: portada (Agustín Rivera)

670 ## - FUENTE EN LA QUE SE LOCALIZARON DATOS

  • Cita de la fuente: Dicc. encic. de Méx. (Rivera y San Román, Agustín)

670 ## - FUENTE EN LA QUE SE LOCALIZARON DATOS

  • Cita de la fuente: Wikipedia (Spanish), WWW site, viewed June 26, 2017:
  • Información localizada: (Agustin Rivera; Agustín Rivera y Sanromán; born February 29, 1824 in Lagos de Moreno, Jalisco; died July 6, 1916 in Leon; Mexican priest, historian, polygrapher and prolific writer; wrote about one hundred and eighty titles)

902 ## - CATALOGADOR

  • Catalogador: NDAF/100523